Weavers of tradition and beauty : basketmakers of the Great Basin /

Bibliographic Details
Main Author: Fulkerson, Mary Lee, 1936-
Corporate Author: NetLibrary, Inc
Format: eBook
Language:English
Published: Reno : University of Nevada Press, [1995]
Subjects:
Online Access:Connect to the full text of this electronic book

MARC

Tag First Indicator Second Indicator Subfields
LEADER 00000cam a2200000La 4500
001 in00001746959
005 20220105121649.0
006 m u
007 cr cn-
008 001024s1995 nvuabf sb s001 0 eng d
010 |z  95008555  
020 |a 0874174384 (electronic bk.) :  |c $19.95 
020 |z 0874172608 (pbk. : alk. paper) 
035 |a (OCoLC)ocm45731981 
040 |a N$T  |c N$T  |d OCL  |d UtOrBLW 
043 |a n-usp-- 
049 |a IKMN 
050 1 4 |a E78.G67  |b F85 1995eb 
082 0 4 |a 746.41/2/089974  |2 20 
100 1 |a Fulkerson, Mary Lee,  |d 1936-  |0 http://id.loc.gov/authorities/names/n95028353 
245 1 0 |a Weavers of tradition and beauty :  |b basketmakers of the Great Basin /  |c text by Mary Lee Fulkerson ; photographs by Kathleen Curtis ; foreword by Catherine S. Fowler. 
246 3 |a Weavers of tradition & beauty 
264 1 |a Reno :  |b University of Nevada Press,  |c [1995] 
264 4 |c ©1995 
300 |a xxiii, 138 pages, 16 unnumbered pages of plates :  |b illustrations (some color), maps ;  |c 26 cm. 
336 |a text  |b txt  |2 rdacontent 
337 |a computer  |b c  |2 rdamedia 
338 |a online resource  |b cr  |2 rdacarrier 
504 |a Includes bibliographical references (pages 133-134) and index. 
533 |a Electronic reproduction.  |b Boulder, Colo. :  |c NetLibrary,  |d 2000.  |n Available via World Wide Web.  |n Access may be limited to NetLibrary affiliated libraries. 
500 |a Electronic resource. 
650 0 |a Indian baskets  |z Great Basin  |x Themes, motives. 
650 0 |a Basket making  |z Great Basin. 
650 0 |a Willow weaving  |z Great Basin. 
655 7 |a Electronic books.  |2 local 
710 2 |a NetLibrary, Inc.  |0 http://id.loc.gov/authorities/names/no99080690 
776 1 |c Original  |w (DLC) 95008555  |w (OCoLC)32313923 
856 4 1 |u https://proxy.library.tamu.edu/login?url=http://www.netLibrary.com/urlapi.asp?action=summary&v=1&bookid=28156  |z Connect to the full text of this electronic book  |t 0 
994 |a 92  |b IKM 
999 |a MARS 
999 f f |s 1467bd1a-e2e4-3c8a-a830-66aaaddd9764  |i 74e8e9b9-f451-355d-be2e-1c9f6fc91a71  |t 0 
952 f f |a Texas A&M University  |b College Station  |c Electronic Resources  |d Available Online  |t 0  |e E78.G67 F85 1995eb  |h Library of Congress classification 
998 f f |a E78.G67 F85 1995eb  |t 0  |l Available Online